| 000 | 00971 a2200229 4500 | ||
|---|---|---|---|
| 999 |
_c4375 _d4375 |
||
| 010 | _aENG-86285 | ||
| 020 |
_a8188965278 _c350.00 |
||
| 035 | _aEN-69818 | ||
| 037 | _bDBAD / PUB | ||
| 082 | 1 | 4 | _a920 |
| 100 | 1 | _aPatel, Kamaḷa | |
| 245 | 1 | 0 |
_aTorn from the roots : _ba partition memoir = Mool sotan ukhdelan / _cby Kamla Patel ; translated from the original Gujarati by Uma Randeria. |
| 250 | _a2nd ed. | ||
| 260 |
_aNew Delhi _bWomen Unlimited, an associate of Kali for Women _c2006 |
||
| 270 |
_aK-36, r, Hauz Khas Enclave _bNew Delhi _cDelhi _e110016 |
||
| 300 |
_a236 p. ; _c23 cm. (Hb) |
||
| 520 | _aBy a social worker with special reference to her experience with women refugees from India and Pakistan during the time of partition of India in 1947. | ||
| 650 | 0 |
_aSocial workers _zIndia |
|
| 650 | 0 |
_aWomen refugees _zIndia _xSocial conditions. |
|
| 650 | 0 |
_aWomen refugees _zPakistan _xSocial conditions. |
|
| 942 |
_adpl _cEN _2ddc _h920 _mPAT |
||